Teams that Christian Eriksen Has Played For - Statistics

General Stats
  • This quiz has been taken 296 times
    48 since last reset
  • The average score is 5 of 7
Answer Stats
Years Apps Goals Team % Correct
2022-2025 73 3 Manchester United
96%
2020-2021 43 4 Inter Milan
91%
2013-2020 226 51 Tottenham Hotspur
91%
2010-2013 113 25 Ajax
78%
2022 11 1 Brentford
78%
2010- 147 46 Denmark
53%
2025- 8 0 VfL Wolfsburg
38%
No matching quizzes found
Score Distribution
Percent of People with Each Score
Percentile by Number Answered
Your Score History
You have not taken this quiz since the last reset